NHL teams by Description - Statistics

General Stats
  • This quiz has been taken 19 times
  • The average score is 29 of 32
Answer Stats
Hint Answer % Correct
This team has a mountain-themed name and won the Stanley Cup in 2022. Colorado Avalanche
100%
This team is known for its black and gold colors and a bear mascot. Boston Bruins
93%
This team has a fiery name and won the Stanley Cup in 1989. Calgary Flames
93%
This team, named after a weather event, won a Stanley Cup in 2006. Carolina Hurricanes
93%
This team has a famous red jersey and won three Cups in the 2010s. Chicago Blackhawks
93%
This team won their only Stanley Cup in 1999 after a controversial goal. Dallas Stars
93%
This team was once home to Wayne Gretzky, the greatest player ever. Edmonton Oilers
93%
This team is named after a big cat and made the Stanley Cup Final in 1996 and 2023. Florida Panthers
93%
This team won two Stanley Cups in the 2010s and once had Wayne Gretzky. Los Angeles Kings
93%
This team has won the most Stanley Cups in history. Montréal Canadiens
93%
This team has a saber-toothed tiger as their mascot and made the Cup Final in 2017. Nashville Predators
93%
This team won three Stanley Cups and was led by legendary goalie Martin Brodeur. New Jersey Devils
93%
This team wears blue shirts and plays in Madison Square Garden. New York Rangers
93%
This team is known for their bright orange jerseys and tough playing style. Philadelphia Flyers
93%
This team has a bird on its logo and has won multiple Cups with Sidney Crosby. Pittsburgh Penguins
93%
This team joined the NHL in 2021 and is named after a mythical sea monster. Seattle Kraken
93%
This team is named after a music style and won their first Cup in 2019. St. Louis Blues
93%
This team has a lightning bolt on their jersey and won in 2020 and 2021. Tampa Bay Lightning
93%
This team is named after a tree and has a huge fanbase. Toronto Maple Leafs
93%
This new team won the Stanley Cup in 2023. Vegas Golden Knights
93%
This team won its first Stanley Cup in 2018, led by Alex Ovechkin. Washington Capitals
93%
This team has a name related to airplanes and returned to the NHL in 2011. Winnipeg Jets
93%
This team was originally named after a Disney movie about hockey. Anaheim Ducks
87%
This team is named after a weapon and has a blue and gold color scheme. Buffalo Sabres
87%
This team has a name inspired by the city’s Civil War history. Columbus Blue Jackets
87%
This team is known as "Hockeytown" and has 11 Stanley Cups. Detroit Red Wings
87%
This team plays in a state where hockey is extremely popular. Minnesota Wild
87%
This team won four straight Stanley Cups in the 1980s. New York Islanders
87%
This team shares its name with ancient Roman politicians. Ottawa Senators
87%
This team has a whale on their logo but has never won a Stanley Cup. Vancouver Canucks
87%
this team is new Utah Hockey Club
80%
This team is named after a fearsome sea creature. San Jose Sharks
73%
No matching quizzes found
Score Distribution
Percent of People with Each Score
Percentile by Number Answered
Your Score History
You have not taken this quiz